banner-ar

STANDARD HANDBOOK OF CIVIL ENGINEERING / (Record no. 19787)

MARC details
000 -الفاتح
حقل البيانات ثابتة الطول 00516nam a2200181Ia 4500
008 - عناصر البيانات ثابتة الطول - معلومات عامة
حقل البيانات ثابتة الطول 140319s9999 xx 000 0 eng d
040 ## - مصدر الفهرسة
وكالة الفهرسة الأصلية GCL /
وكالة النسخ GCL
082 04 - رقم تصنيف ديوى العشرى
رقم التصنيف 624.03
رقم المادة S S
100 1# - المدخل الرئيسى - إسم شخصى
الإسم الشخصى SINGH, GURCHARAN
245 10 - بيان العنوان
العنوان STANDARD HANDBOOK OF CIVIL ENGINEERING /
بيان المسئوليه,etc SINGH, GURCHARAN
700 1# - المدخل الاضافى - اسم شخصى
الإسم الشخصى SINGH, JAGDISH
260 ## - PUBLICATION, DISTRIBUTION, ETC. (IMPRINT)
تاريخ النشر أو التوزيع 1992
300 ## - الوصف المادى
التعداد 1511 P
650 04 - المدخل الاضافى بالموضوع-مصطلح موضوعى
مصطلح موضوعي التحليل الرياضى
650 04 - المدخل الاضافى بالموضوع-مصطلح موضوعى
مصطلح موضوعي CIVIL ENGINEERING
942 ## - عناصر المدخل الإضافي( كوها)
مصدر التصنيف او مخطط الترفيف Dewey Decimal Classification
Koha [default] item type كتاب
260 ## - PUBLICATION, DISTRIBUTION, ETC. (IMPRINT)
-- [S.N] :
-- STANDARD PUBLISHERS DISTRIBUTORS ،
Holdings
حالة التراجع حالة الفقد حالة تلف ليس للاعارة المكان المؤقت الموقع الحالى تاريخ الاكتساب اجمالي اﻻعارات رقم الطلب الباركود تاريخ اخر مشاهدة تاريخ تفعيل السعر نوع وعاء كوها
        مكتبة القاهرة الكبرى مكتبة القاهرة الكبرى 03/26/2014   624.03\S S 37512 03/26/2014 03/26/2014 كتاب
        مكتبة القاهرة الكبرى مكتبة القاهرة الكبرى 03/26/2014   624.03\S S 37513 03/26/2014 03/26/2014 كتاب

Powered By

EGPV